000
00232nam a2200085Ia 4500
005
20250523154322.0
008
250523s9999 xx 000 0 und d
245
0
_a
Tuna dan Uçan Kuş Gökkuş Diz
_c
Gülten Dayıoğlu
260
_b
ALTIN
999
_c
12038
_d
12038